Normal view
MARC view
- J. Rajaram, J.C. kuriacose
Entry Personal Name
001 - CONTROL NUMBER
- control field: 23827
003 - CONTROL NUMBER IDENTIFIER
- control field: NUST
005 - DATE AND TIME OF LATEST TRANSACTION
- control field: 20191014124914.0
008 - FIXED-LENGTH DATA ELEMENTS
- fixed length control field: 191014|| aca||aabn | a|a d
040 ## - CATALOGING SOURCE
- Original cataloging agency: NUST
- Transcribing agency: NUST
100 ## - HEADING--PERSONAL NAME
- Personal name: J. Rajaram, J.C. kuriacose
670 ## - SOURCE DATA FOUND
- Source citation: Work cat.: (NUST): J. Rajaram, J.C. kuriacose, Chemical Thermodyanamics Classical Statistical and Irreversible, 2013
